Nommez une commune du Calvados A-Z - Contenant chaque lettre de l'alphabet - Statistiques

Statistiques générales
  • Ce quiz a été pris 69 fois
    32 depuis la dernière actualisation
  • Le résultat moyen est 218 sur 399
Statistiques - réponses
Commence par Contient # Possible Exemple Communes % Correct
C A 39 Caen
100%
C C 68 Caen
100%
C E 46 Caen
100%
C N 38 Caen
100%
B A 30 Bayeux
93%
B B 51 Bayeux
93%
B E 41 Bayeux
93%
B U 30 Bayeux
93%
B X 1 Bayeux
93%
B Y 11 Bayeux
93%
C G 15 Cabourg
93%
C O 41 Cabourg
93%
C R 44 Cambremer
93%
C U 33 Cabourg
93%
D A 9 Deauville
93%
D D 13 Dives-sur-Mer
93%
D E 11 Deauville
93%
D I 8 Deauville
93%
D L 8 Deauville
93%
D U 10 Douvres-la-Délivrande
93%
D V 6 Deauville
93%
H E 9 Honfleur
93%
H H 9 Honfleur
93%
H L 8 Honfleur
93%
H N 5 Honfleur
93%
H O 6 Honfleur
93%
H R 5 Honfleur
93%
H U 9 Honfleur
93%
B N 32 Bénouville
86%
B O 23 Bénouville
86%
B R 28 Beuvron-en-Auge
86%
B V 26 Bénouville
86%
C B 12 Cambremer
86%
C M 18 Cambremer
86%
H A 7 Houlgate
86%
H I 4 Hérouville-Saint-Clair
86%
H S 4 Hérouville-Saint-Clair
86%
H T 5 Hérouville-Saint-Clair
86%
H V 4 Hérouville-Saint-Clair
86%
L E 67 Lisieux
86%
L I 43 Lisieux
86%
L L 70 Lisieux
86%
L S 39 Lisieux
86%
L U 38 Lisieux
86%
L X 3 Lisieux
86%
T E 16 Touques
86%
T L 8 Tréprel
86%
T M 3 Trouville-sur-Mer
86%
T O 11 Trouville-sur-Mer
86%
T R 15 Trouville-sur-Mer
86%
T S 10 Trouville-sur-Mer
86%
T T 19 Trouville-sur-Mer
86%
T U 13 Trouville-sur-Mer
86%
A A 21 Arromanches-les-Bains
79%
A E 19 Arromanches-les-Bains
79%
A L 10 Arromanches-les-Bains
79%
A N 12 Arromanches-les-Bains
79%
A S 10 Arromanches-les-Bains
79%
B I 30 Bénouville
79%
B L 34 Bénouville
79%
B S 23 Bény-sur-Mer
79%
B T 12 Blangy-le-Château
79%
C I 33 Carpiquet
79%
C L 37 Colombelles
79%
C S 29 Cormelles-le-Royal
79%
C Y 20 Colleville-Montgomery
79%
D R 5 Douvres-la-Délivrande
79%
D S 5 Douvres-la-Délivrande
79%
G G 19 Giberville
79%
H C 1 Hérouville-Saint-Clair
79%
L A 43 Livarot-Pays-d'Auge
79%
L D 13 Livarot-Pays-d'Auge
79%
L G 21 Livarot-Pays-d'Auge
79%
L N 40 Lion-sur-Mer
79%
L O 37 Livarot-Pays-d'Auge
79%
L R 40 Luc-sur-Mer
79%
M E 33 Mondeville
79%
M I 29 Moult-Chicheboville
79%
M L 22 Merville-Franceville-Plage
79%
M M 38 Mondeville
79%
M N 27 Mondeville
79%
M V 12 Mondeville
79%
O A 2 Ouistreham
79%
O E 8 Orbec
79%
O H 2 Ouistreham
79%
O I 6 Ouistreham
79%
O M 3 Ouistreham
79%
O O 9 Ouistreham
79%
O R 3 Ouistreham
79%
O S 4 Ouistreham
79%
O T 3 Ouistreham
79%
O U 6 Ouistreham
79%
P E 18 Pont-l'Évêque
79%
P L 12 Pont-l'Évêque
79%
P N 18 Pont-l'Évêque
79%
P O 12 Pont-l'Évêque
79%
P P 23 Pont-l'Évêque
79%
P T 15 Pont-l'Évêque
79%
P U 13 Pont-l'Évêque
79%
S A 74 Saint-Pierre-en-Auge
79%
S B 15 Saint-Benoît-d'Hébertot
79%
S C 15 Saint-Contest
79%
S D 34 Saint-Denis-de-Méré
79%
S E 66 Saint-Étienne-la-Thillaye
79%
S G 16 Saint-Germain-la-Blanche-Herbe
79%
S I 72 Surville
79%
S M 33 Saint-Manvieu-Norrey
79%
S N 75 Saon
79%
S O 40 Saint-Martin-de-Bienfaite-la-Cressonnière
79%
S R 59 Saint-Rémy
79%
S S 81 Soliers
79%
S T 66 Saonnet
79%
S U 42 Sommervieu
79%
T I 9 Trouville-sur-Mer
79%
T V 6 Trouville-sur-Mer
79%
A C 3 Arromanches-les-Bains
71%
A I 10 Arromanches-les-Bains
71%
A M 5 Arromanches-les-Bains
71%
A R 13 Arromanches-les-Bains
71%
D M 5 Démouville
71%
F A 11 Falaise
71%
F E 20 Falaise
71%
F F 22 Falaise
71%
F I 13 Falaise
71%
F L 16 Falaise
71%
F S 10 Falaise
71%
G R 13 Giberville
71%
H F 1 Honfleur
71%
I E 1 Isigny-sur-Mer
71%
I G 1 Isigny-sur-Mer
71%
I I 2 Isigny-sur-Mer
71%
I M 1 Isigny-sur-Mer
71%
I N 1 Isigny-sur-Mer
71%
I R 1 Isigny-sur-Mer
71%
I S 2 Isigny-sur-Mer
71%
I U 1 Isigny-sur-Mer
71%
I Y 1 Isigny-sur-Mer
71%
L C 14 Luc-sur-Mer
71%
L H 9 La Hoguette
71%
L M 23 Lion-sur-Mer
71%
L T 24 Livarot-Pays-d'Auge
71%
L V 13 Livarot-Pays-d'Auge
71%
L Y 11 Livarot-Pays-d'Auge
71%
M A 26 Mézidon Vallée d'Auge
71%
M C 7 Morteaux-Coulibœuf
71%
M D 5 Mondeville
71%
M F 4 Merville-Franceville-Plage
71%
M G 7 Mézidon Vallée d'Auge
71%
M O 23 Mondeville
71%
M P 3 Merville-Franceville-Plage
71%
M R 16 Mutrécy
71%
P Q 2 Pont-l'Évêque
71%
P V 4 Pont-l'Évêque
71%
S F 8 Saint-Marcouf
71%
S H 10 Saint-Hymer
71%
S J 4 Saint-Jouin
71%
S L 39 Saint-Loup-Hors
71%
S Q 4 Soumont-Saint-Quentin
71%
S V 14 Saint-Vaast-sur-Seulles
71%
S Y 14 Sassy
71%
V A 20 Varaville
71%
V E 29 Vire Normandie
71%
V I 23 Vire Normandie
71%
V L 21 Villerville
71%
V M 8 Vire Normandie
71%
V N 11 Vire Normandie
71%
V O 10 Vire Normandie
71%
V R 19 Vire Normandie
71%
V S 18 Vignats
71%
V V 34 Ver-sur-Mer
71%
A G 5 Argences
64%
B G 10 Blangy-le-Château
64%
C T 15 Carpiquet
64%
C V 15 Canapville
64%
G E 13 Giberville
64%
G I 13 Giberville
64%
G L 11 Giberville
64%
G N 13 Grandcamp-Maisy
64%
L P 9 Livarot-Pays-d'Auge
64%
L Z 2 Laize-Clinchamps
64%
M B 10 Moult-Chicheboville
64%
P I 14 Pennedepie
64%
R E 10 Rocques
64%
R R 13 Ranville
64%
S P 14 Saint-Pierre-en-Auge
64%
V B 7 Villers-Bocage
64%
V C 7 Vacognes-Neuilly
64%
V D 7 Vire Normandie
64%
V G 5 Villers-Bocage
64%
V U 14 Vieux
64%
A B 6 Arromanches-les-Bains
57%
A H 3 Arromanches-les-Bains
57%
A U 10 Annebault
57%
B D 5 Bretteville-sur-Odon
57%
B M 12 Brémoy
57%
C P 10 Carpiquet
57%
D O 5 Douvres-la-Délivrande
57%
E E 16 Évrecy
57%
E I 9 Éterville
57%
E L 9 Émiéville
57%
E O 6 Épron
57%
E V 7 Évrecy
57%
F N 17 Fleury-sur-Orne
57%
F O 17 Fleury-sur-Orne
57%
F P 5 Fontaine-Étoupefour
57%
F R 17 Fleury-sur-Orne
57%
F U 12 Fleury-sur-Orne
57%
G S 11 Grandcamp-Maisy
57%
G V 12 Gavrus
57%
I F 1 Ifs
57%
M U 19 Mézidon Vallée d'Auge
57%
M Y 8 Mutrécy
57%
M Z 3 Maizières
57%
P A 11 Pont-Bellanger
57%
R A 3 Ranville
57%
R L 4 Ranville
57%
R N 4 Ranville
57%
T A 6 Thaon
57%
T N 8 Troarn
57%
V T 5 Vimont
57%
A Y 7 Agy
50%
C D 9 Cordey
50%
C F 2 Criquebœuf
50%
D N 7 Douvres-la-Délivrande
50%
E N 12 Ernes
50%
E P 6 Épinay-sur-Odon/
50%
E R 11 Évrecy
50%
F T 7 Fontenay-le-Marmion
50%
F V 5 Fierville-les-Parcs
50%
F Y 8 Fleury-sur-Orne
50%
G A 10 Grandcamp-Maisy
50%
G B 2 Giberville
50%
G T 3 Géfosse-Fontenay
50%
L B 14 La Boissière
50%
M T 13 Mutrécy
50%
O C 2 Orbec
50%
P D 4 Pont-d'Ouilly
50%
P G 8 Putot-en-Auge
50%
P R 15 Périers-sur-le-Dan
50%
P S 8 Périers-sur-le-Dan
50%
R I 5 Ranville
50%
R O 4 Rots
50%
R S 7 Rots
50%
R T 2 Rots
50%
R V 3 Reviers
50%
S Z 1 Saint-Pierre-Azif
50%
V Y 5 Villy-Bocage
50%
B Z 2 Bretteville-sur-Laize
43%
E C 4 Escoville
43%
E T 4 Éterville
43%
F M 5 Fresné-la-Mère
43%
G H 2 Grentheville
43%
G O 10 Glos
43%
G U 10 Grangues
43%
H G 3 Houlgate
43%
J E 3 Janville
43%
J I 2 Juvigny-sur-Seulles
43%
J J 4 Janville
43%
J L 2 Juvigny-sur-Seulles
43%
J N 3 Janville
43%
J V 2 Janville
43%
M H 3 Mathieu
43%
M S 18 Maizières
43%
N A 6 Noron-l'Abbaye
43%
N N 8 Notre-Dame-d'Estrées-Corbon
43%
N O 8 Notre-Dame-d'Estrées-Corbon
43%
N T 4 Notre-Dame-d'Estrées-Corbon
43%
O B 1 Orbec
43%
S X 3 Sainte-Croix-sur-Mer
43%
T H 2 Thaon
43%
A F 1 Amfreville
36%
A O 3 Arromanches-les-Bains
36%
A V 5 Angerville
36%
D Z 1 Dozulé
36%
E M 5 Étréham
36%
E S 11 Esson
36%
F C 4 Fumichon
36%
F H 3 Fourches
36%
H M 2 Hermanville-sur-Mer
36%
J A 2 Juaye-Mondaye
36%
L Q 5 Le Faulq
36%
N B 2 Noron-l'Abbaye
36%
N E 7 Notre-Dame-de-Livaye
36%
N I 3 Notre-Dame-de-Livaye
36%
N L 4 Norolles
36%
N P 1 Noron-la-Poterie
36%
N R 6 Notre-Dame-d'Estrées-Corbon
36%
N Y 3 Noron-l'Abbaye
36%
O D 2 Olendon
36%
O L 5 Ouilly-du-Houley
36%
O N 3 Osmanville
36%
O V 2 Osmanville
36%
O Y 4 Ouézy
36%
V X 4 Vieux
36%
A D 1 Audrieu
29%
B C 5 Blangy-le-Château
29%
B Q 4 Bernesq
29%
D T 2 Danestal
29%
E A 10 Équemauville
29%
E Q 5 Esquay-sur-Seulles
29%
E U 6 Esquay-Notre-Dame
29%
E Y 5 Évrecy
29%
G M 4 Grandcamp-Maisy
29%
J G 1 Juvigny-sur-Seulles
29%
J R 2 Jort
29%
J S 1 Juvigny-sur-Seulles
29%
J U 2 Juaye-Mondaye
29%
J Y 2 Juaye-Mondaye
29%
M X 4 Moyaux
29%
P B 3 Port-en-Bessin-Huppain
29%
P H 2 Port-en-Bessin-Huppain
29%
P Y 4 Potigny
29%
R C 3 Rubercy
29%
R H 1 Ranchy
29%
R Y 5 Ryes
29%
T Q 1 Touques
29%
U U 2 Urville
29%
A T 2 Authie
21%
B H 1 Blangy-le-Château
21%
C H 5 Cahagnolles
21%
C Q 5 Carpiquet
21%
D C 3 Drubec
21%
E D 2 Épinay-sur-Odon
21%
F B 2 Feuguerolles-Bully
21%
F G 4 Fauguernon
21%
G D 2 Grainville-sur-Odon
21%
G X 1 Gouvix
21%
G Y 3 Grandcamp-Maisy
21%
J D 1 Juaye-Mondaye
21%
J M 1 Juaye-Mondaye
21%
J O 2 Jort
21%
O F 1 Ouffières
21%
P C 3 Pontécoulant
21%
P F 3 Parfouru-sur-Odon
21%
Q E 1 Quetteville
21%
Q I 1 Quetteville
21%
Q L 1 Quetteville
21%
Q Q 1 Quetteville
21%
Q T 1 Quetteville
21%
Q U 1 Quetteville
21%
Q V 1 Quetteville
21%
T F 1 Touffréville
21%
T G 4 Tourgéville
21%
T Y 4 Trungy
21%
U E 1 Urville
21%
U I 1 Urville
21%
U L 1 Urville
21%
U R 1 Urville
21%
U V 1 Urville
21%
V F 1 Villy-lez-Falaise
21%
V Z 1 Villy-lez-Falaise
21%
C X 3 Cesny-aux-Vignes
14%
D B 2 Drubec
14%
D G 2 Douville-en-Auge
14%
D J 1 Deux-Jumeaux
14%
D X 1 Deux-Jumeaux
14%
E G 3 Englesqueville-la-Percée
14%
E H 1 Étréham
14%
F X 3 Fourneaux-le-Val
14%
G C 1 Grandcamp-Maisy
14%
G F 2 Géfosse-Fontenay
14%
G P 1 Grandcamp-Maisy
14%
G Q 1 Grimbosq
14%
H B 1 Hottot-les-Bagues
14%
H D 1 Heuland
14%
H X 1 Hermival-les-Vaux
14%
J T 1 Jort
14%
L F 7 Leffard
14%
L J 1 Landes-sur-Ajon
14%
M J 2 Maisoncelles-sur-Ajon
14%
N C 1 Notre-Dame-d'Estrées-Corbon
14%
N D 3 Notre-Dame-d'Estrées-Corbon
14%
N G 1 Norrey-en-Auge
14%
N M 2 Notre-Dame-de-Livaye
14%
N S 3 Norolles
14%
N U 2 Norrey-en-Auge
14%
N V 1 Notre-Dame-de-Livaye
14%
O Z 1 Ouézy
14%
P M 1 Plumetot
14%
P X 1 Préaux-Bocage
14%
R B 1 Rubercy
14%
R G 1 Repentigny
14%
R M 1 Rumesnil
14%
R P 2 Repentigny
14%
R Q 1 Rocques
14%
R U 5 Rouvres
14%
R X 1 Reux
14%
T B 2 Tracy-Bocage
14%
T D 2 Tourville-sur-Odon
14%
U S 1 Ussy
14%
U Y 1 Ussy
14%
B F 1 Beaufour-Druval
7%
B P 1 Banneville-la-Campagne
7%
D H 1 Dialan sur Chaîne
7%
D Y 2 Donnay
7%
M Q 1 Montfiquet
7%
T P 1 Tréprel
7%
V Q 2 Vicques
7%
T C 3 Tracy-sur-Mer
0%
Aucun quiz correspondant
Distribution des résultats
% des personnes avec chaque résultat
Percentile par nombre de réponses
Votre historique - résultats
Vous n’avez pas pris ce quiz depuis la dernière actualisation